[Event "Chigorin Memorial 30th"]
[Site "St Petersburg"]
[Date "2023.10.28"]
[Round "8"]
[White "Sakovich, Luka"]
[Black "Esipenko, Aleksandr"]
[Result "1/2-1/2"]
[WhiteElo "1760"]
[BlackElo "2106"]
[PlyCount "102"]
[EventDate "2023.10.21"]
[EventType "swiss"]
[EventRounds "9"]
[EventCountry "RUS"]
[SourceTitle "Mega2024 Update 01"]
[Source "Chessbase"]
[SourceDate "2023.11.12"]
[SourceVersion "1"]
[SourceVersionDate "2023.11.12"]
[SourceQuality "1"]

1. f4 d5 2. e3 Nf6 3. Nf3 e6 4. b3 Be7 5. Bb2 0-0 6. Be2 c5 7. 0-0 b6 8. Ne5 Nfd7 9. Ng4 f5 10. Ne5 Bb7 11. Bf3 Nc6 12. Nxc6 Bxc6 13. c4 Nf6 14. d3 Qd7 15. Qc2 Bd6 16. Nd2 Rae8 17. Rae1 e5 18. cxd5 Nxd5 19. Qc4 Qf7 20. fxe5 Bxe5 21. Bxe5 Rxe5 22. d4 Ree8 23. dxc5 b5 24. Bxd5 Qxd5 25. Qxd5+ Bxd5 26. Rf4 g6 27. Rd4 Re5 28. Kf2 Rc8 29. b4 Rc7 30. Nf3 Bxf3 31. Kxf3 Kg7 32. Red1 Rce7 33. R1d3 Kf6 34. Rd6+ Kg5 35. g3 Re4 36. a3 h6 37. Rc3 Rc7 38. h3 h5 39. h4+ Kh6 40. c6 Re8 41. Rc5 Rce7 42. c7 Rc8 43. Rxf5 Rcxc7 44. Rg5 Rg7 45. Rxb5 Rc3 46. Re5 Rxa3 47. g4 Rf7+ 48. Kg3 hxg4 49. Kxg4 Ra1 50. Rh5+ Kg7 51. Rg5 Rg1+ 1/2-1/2

[Event "Chigorin Memorial 30th"]
[Site "St Petersburg"]
[Date "2023.10.21"]
[Round "1"]
[White "Korotkikh, Miron"]
[Black "Esipenko, Aleksandr"]
[Result "0-1"]
[WhiteElo "1660"]
[BlackElo "2106"]
[PlyCount "70"]
[EventDate "2023.10.21"]
[EventType "swiss"]
[EventRounds "9"]
[EventCountry "RUS"]
[SourceTitle "Mega2024 Update 01"]
[Source "Chessbase"]
[SourceDate "2023.11.12"]
[SourceVersion "1"]
[SourceVersionDate "2023.11.12"]
[SourceQuality "1"]

1. d4 d5 2. c4 c6 3. Nf3 Nf6 4. Nc3 a6 5. a4 Bg4 6. Ne5 e6 7. Nxg4 Nxg4 8. e4 Nf6 9. e5 Nfd7 10. cxd5 cxd5 11. Be3 Nc6 12. Qb3 Na5 13. Qc2 Rc8 14. Bd3 Nb6 15. 0-0 Nbc4 16. Bxc4 Nxc4 17. Rfc1 Be7 18. Qe2 0-0 19. Rab1 Qa5 20. Ra1 Rfd8 21. b3 Nxe5 22. Nxd5 Qxd5 23. Rxc8 Rxc8 24. dxe5 Qxb3 25. Qd1 Qxd1+ 26. Rxd1 Rd8 27. Rb1 b5 28. axb5 axb5 29. Kf1 Rd5 30. f4 g5 31. g3 Kg7 32. Ke2 g4 33. Bd2 Kg6 34. Ra1 Bc5 35. Ra5 Rxd2+ 0-1

[Event "RUS-chT2"]
[Site "Sochi"]
[Date "2023.05.03"]
[Round "3.3"]
[White "Esipenko, Aleksandr"]
[Black "Rostovtsev, Dmitry"]
[Result "1/2-1/2"]
[WhiteElo "2048"]
[BlackElo "2259"]
[PlyCount "85"]
[EventDate "2023.05.01"]
[EventType "team-swiss"]
[EventRounds "9"]
[EventCountry "RUS"]
[SourceTitle "CBM 214 Extra"]
[Source "ChessBase"]
[SourceDate "2023.07.31"]
[SourceVersion "1"]
[SourceVersionDate "2023.07.31"]
[SourceQuality "1"]
[WhiteTeam "Moscow Prizant School"]
[BlackTeam "Moscow Temus Tim"]
[WhiteTeamCountry "RUS"]
[BlackTeamCountry "RUS"]

1. d4 Nf6 2. Nf3 e6 3. e3 d5 4. b3 c5 5. Bb2 Nc6 6. a3 b6 7. Bd3 Bb7 8. 0-0 Bd6 9. Ne5 0-0 10. Nd2 Rc8 11. Qe2 Qc7 12. f4 Ne7 13. c4 Ne4 14. Rac1 f6 15. Nef3 Qd7 16. Rfd1 cxd4 17. Nxd4 e5 18. Nb5 exf4 19. Bxe4 dxe4 20. Nxe4 Bxe4 21. Nxd6 Ba8 22. Nxc8 Qxc8 23. exf4 Nf5 24. c5 Qc6 25. Rd2 Re8 26. Qc4+ Kh8 27. cxb6 Qxb6+ 28. Bd4 Qb7 29. Bc5 Nh4 30. Qf1 Qxb3 31. Re1 Rg8 32. Re7 a5 33. Qe1 Nxg2 34. Qe6 Qb1+ 35. Kf2 Qb8 36. Be3 Nxf4 37. Bxf4 Qxf4+ 38. Ke1 Qh4+ 39. Kf1 Qf4+ 40. Ke1 Qb8 41. Re2 Qb1+ 42. Kf2 Qc1 43. Re8 1/2-1/2

[Event "EU-ch Schools U17"]
[Site "Tornelo INT"]
[Date "2021.12.10"]
[Round "2"]
[White "Esipenko, Aleksandr"]
[Black "Qalichava, Akaki"]
[Result "0-1"]
[WhiteElo "2087"]
[BlackElo "2071"]
[PlyCount "82"]
[EventDate "2021.12.03"]
[EventType "swiss (rapid)"]
[EventRounds "7"]
[EventCountry "NET"]
[SourceTitle "EXT 2023"]
[Source "ChessBase"]
[SourceDate "2022.10.05"]
[SourceVersion "1"]
[SourceVersionDate "2022.10.05"]
[SourceQuality "1"]

1. e4 c5 2. Nf3 e6 3. c4 a6 4. Nc3 Nc6 5. Be2 Qc7 6. 0-0 Nd4 7. d3 Bd6 8. g3 Ne7 9. Be3 Nec6 10. Ne1 0-0 11. Ng2 b6 12. f4 f5 13. Qd2 Bb7 14. Rae1 Be7 15. Bd1 b5 16. b3 b4 17. Ne2 Bf6 18. Nxd4 Bxd4 19. exf5 Rxf5 20. Bf3 Rff8 21. Bxc6 Qxc6 22. Bxd4 cxd4 23. Re4 Qd6 24. Re5 a5 25. Rf2 Rf5 26. Qe1 Rxe5 27. fxe5 Qc6 28. Kf1 Qc5 29. Nf4 a4 30. bxa4 Rxa4 31. Rb2 Qc6 32. Qf2 Qh1+ 33. Ke2 b3 34. Qxd4 Rxa2 35. Kd2 Qxh2+ 36. Ne2 Bf3 37. Qxd7 Qxe2+ 38. Kc3 Qxb2+ 39. Kb4 Qa3+ 40. Kc3 b2+ 41. Kd4 Qa7+ 0-1

[Event "EU-ch Schools U17"]
[Site "Tornelo INT"]
[Date "2021.12.05"]
[Round "7"]
[White "Esipenko, Aleksandr"]
[Black "Akbas, Umut Ata"]
[Result "0-1"]
[WhiteElo "2087"]
[BlackElo "2280"]
[PlyCount "74"]
[EventDate "2021.12.03"]
[EventType "swiss (rapid)"]
[EventRounds "7"]
[EventCountry "NET"]
[SourceTitle "EXT 2023"]
[Source "ChessBase"]
[SourceDate "2022.10.05"]
[SourceVersion "1"]
[SourceVersionDate "2022.10.05"]
[SourceQuality "1"]

1. e4 g6 2. d4 Bg7 3. Be3 c6 4. Qd2 d5 5. e5 h5 6. Bd3 Nh6 7. c3 Bf5 8. Nf3 Bxd3 9. Qxd3 Qb6 10. Qd2 Nf5 11. Bg5 Nd7 12. Na3 Nf8 13. 0-0 Ne6 14. Nc2 0-0-0 15. Ne3 Nxe3 16. fxe3 f6 17. exf6 exf6 18. Bf4 g5 19. Bg3 h4 20. Bf2 h3 21. g3 g4 22. Nh4 Ng5 23. Qc2 Qc7 24. Ng6 Rhe8 25. Kh1 Re4 26. Bg1 Qf7 27. Nf4 Rde8 28. Qe2 Qd7 29. Nh5 Nf3 30. Rxf3 gxf3 31. Qxf3 Qg4 32. Rf1 Qxf3+ 33. Rxf3 Bh6 34. Nxf6 Rf8 35. Nxe4 Rxf3 36. Nd2 Rf7 37. g4 Kd7 0-1

[Event "EU-ch Schools U17"]
[Site "Tornelo INT"]
[Date "2021.12.03"]
[Round "1"]
[White "Tsanatsqenishvili, Alexandre"]
[Black "Esipenko, Aleksandr"]
[Result "0-1"]
[WhiteElo "1750"]
[BlackElo "2087"]
[PlyCount "106"]
[EventDate "2021.12.03"]
[EventType "swiss (rapid)"]
[EventRounds "7"]
[EventCountry "NET"]
[SourceTitle "EXT 2023"]
[Source "ChessBase"]
[SourceDate "2022.10.05"]
[SourceVersion "1"]
[SourceVersionDate "2022.10.05"]
[SourceQuality "1"]

1. e4 c5 2. d4 cxd4 3. c3 dxc3 4. Nxc3 Nc6 5. Nf3 d6 6. Bc4 e6 7. 0-0 Nf6 8. Qe2 a6 9. Rd1 Qc7 10. Bb3 Be7 11. Bf4 Qb8 12. e5 Nh5 13. Bg5 Bxg5 14. Nxg5 Nf4 15. Qe3 dxe5 16. Qc5 Qa7 17. Qd6 Qb8 18. Qc5 Qa7 19. Qd6 Qb8 20. Qa3 Qc7 21. Nce4 Qe7 22. Nd6+ Kf8 23. Ngxf7 Rg8 24. Rac1 Bd7 25. Qc5 g6 26. Qc2 Rg7 27. g3 Nh3+ 28. Kg2 Ng5 29. Nxg5 Qxg5 30. Nxb7 Nd4 31. Qe4 Kg8 32. Nc5 Bc6 33. Rxd4 Bxe4+ 34. Rxe4 Qxc1 35. Nxe6 Kh8 36. Nxg7 Kxg7 37. Rxe5 Ra7 38. Re2 Qc6+ 39. f3 Rd7 40. Kf2 Qc1 41. Re4 Rd2+ 42. Ke3 Rxh2+ 43. Kd4 Qxb2+ 44. Kc5 Re2 45. Rf4 Qe5+ 46. Kb4 Qd6+ 47. Ka4 Rd2 48. Rf7+ Kh6 49. g4 Rd4+ 50. Ka5 Qc5+ 51. Kxa6 Rd6+ 52. Kb7 Qb6+ 53. Kc8 Rd8# 0-1

[Event "Sochi Lobanov Memorial Blitz"]
[Site "Sochi"]
[Date "2021.10.09"]
[Round "12"]
[White "Esipenko, Aleksandr"]
[Black "Nesterov, Arseniy"]
[Result "1-0"]
[WhiteElo "2087"]
[BlackElo "2514"]
[PlyCount "101"]
[EventDate "2021.10.09"]
[EventType "swiss (blitz)"]
[EventRounds "13"]
[EventCountry "RUS"]
[SourceTitle "CBM 204 Extra"]
[Source "ChessBase"]
[SourceDate "2021.11.30"]
[SourceVersion "1"]
[SourceVersionDate "2021.11.30"]
[SourceQuality "1"]

1. d4 d5 2. Nf3 Nf6 3. e3 c6 4. Bd3 Bg4 5. 0-0 Nbd7 6. b3 e5 7. dxe5 Nxe5 8. Be2 Bxf3 9. Bxf3 Bd6 10. Bb2 0-0 11. Nd2 Qe7 12. Qe2 a5 13. c4 a4 14. cxd5 cxd5 15. Bd4 Rfc8 16. Qb5 Rc2 17. Rfd1 h6 18. Bxd5 Nxd5 19. Qxd5 Rd8 20. Qe4 Rc6 21. Rac1 Qc7 22. Rxc6 Nxc6 23. Nf3 Nxd4 24. exd4 a3 25. d5 Rc8 26. g3 Qc2 27. Qxc2 Rxc2 28. Rd2 Rc3 29. Kg2 Kf8 30. Nd4 Rc5 31. Nf5 Bb8 32. Ne3 b5 33. Rc2 Bd6 34. Rxc5 Bxc5 35. Kf3 g6 36. Ke4 Ke7 37. f3 Kd6 38. Nc2 f5+ 39. Kd3 Kxd5 40. b4 Bg1 41. h3 Bf2 42. g4 Ke5 43. Ke2 Bd4 44. Nxa3 Bc3 45. Nxb5 Bxb4 46. Kf2 Kf4 47. a4 h5 48. gxh5 gxh5 49. Kg2 h4 50. Nd4 Bc5 51. Ne6+ 1-0

[Event "Sochi Lobanov Memorial Blitz"]
[Site "Sochi"]
[Date "2021.10.09"]
[Round "2"]
[White "Esipenko, Aleksandr"]
[Black "Savchenko, Boris"]
[Result "0-1"]
[WhiteElo "2087"]
[BlackElo "2535"]
[PlyCount "74"]
[EventDate "2021.10.09"]
[EventType "swiss (blitz)"]
[EventRounds "13"]
[EventCountry "RUS"]
[SourceTitle "CBM 204 Extra"]
[Source "ChessBase"]
[SourceDate "2021.11.30"]
[SourceVersion "1"]
[SourceVersionDate "2021.11.30"]
[SourceQuality "1"]

1. e4 c5 2. Nf3 d6 3. Bb5+ Bd7 4. Bxd7+ Qxd7 5. 0-0 Nf6 6. Re1 e6 7. d4 cxd4 8. Nxd4 d5 9. e5 Ne4 10. Nd2 Nxd2 11. Bxd2 Nc6 12. Bc3 Rc8 13. Qg4 h5 14. Qf4 Ne7 15. Rad1 Ng6 16. Qe3 h4 17. f4 h3 18. g3 Bc5 19. Qf3 Ne7 20. Re2 Qa4 21. b3 Qb5 22. Kh1 Qa6 23. a4 Bxd4 24. Bxd4 g6 25. g4 Rh4 26. Bf2 Rc3 27. Re3 Rxe3 28. Bxe3 Qc6 29. Rd2 d4 30. Qxc6+ Nxc6 31. Bxd4 Nxd4 32. Rxd4 Rxg4 33. c4 a5 34. c5 g5 35. Rd3 Rxf4 36. Rxh3 Kd7 37. Rh7 Kc6 0-1

[Event "Sochi Lobanov Memorial Blitz"]
[Site "Sochi"]
[Date "2021.10.09"]
[Round "13"]
[White "Petrov, Nikita"]
[Black "Esipenko, Aleksandr"]
[Result "1-0"]
[WhiteElo "2539"]
[BlackElo "2087"]
[PlyCount "29"]
[EventDate "2021.10.09"]
[EventType "swiss (blitz)"]
[EventRounds "13"]
[EventCountry "RUS"]
[SourceTitle "CBM 204 Extra"]
[Source "ChessBase"]
[SourceDate "2021.11.30"]
[SourceVersion "1"]
[SourceVersionDate "2021.11.30"]
[SourceQuality "1"]

1. d4 d5 2. c4 e6 3. Nf3 Nf6 4. g3 b6 5. cxd5 exd5 6. Bg2 Bb7 7. Nc3 Bd6 8. 0-0 0-0 9. Nb5 Be7 10. Bf4 Na6 11. e3 c6 12. Bh3 Bc8 13. Be6 Kh8 14. b4 Re8 15. Bxf7 1-0

[Event "Malaya Zemlya op"]
[Site "Novorossiysk"]
[Date "2021.07.18"]
[Round "7"]
[White "Vastrukhin, Oleg"]
[Black "Esipenko, Aleksandr"]
[Result "1-0"]
[WhiteElo "2401"]
[BlackElo "2026"]
[PlyCount "89"]
[EventDate "2021.07.12"]
[EventType "swiss"]
[EventRounds "9"]
[EventCountry "RUS"]
[SourceTitle "CBM 203 Extra"]
[Source "ChessBase"]
[SourceDate "2021.09.30"]
[SourceVersion "1"]
[SourceVersionDate "2021.09.30"]
[SourceQuality "1"]

1. Nf3 d5 2. g3 Nf6 3. Bg2 Bf5 4. 0-0 e6 5. d3 Be7 6. Nbd2 h6 7. Qe1 Bh7 8. e4 0-0 9. b3 a5 10. a4 Na6 11. Qe2 c6 12. Bb2 Qc7 13. Ne5 Rad8 14. f4 Nd7 15. Nxd7 Qxd7 16. Qg4 Bc5+ 17. Kh1 f5 18. exf5 Bxf5 19. Qe2 Rde8 20. Nf3 Bg4 21. Rae1 Qf7 22. h3 Qh5 23. Qe5 Re7 24. Nh4 Qxe5 25. Rxe5 Bf5 26. Rfe1 Rfe8 27. Kh2 Nb4 28. R5e2 Bh7 29. Nf3 Bd6 30. Be5 Bc5 31. g4 Kf7 32. h4 Rd8 33. h5 Bb6 34. Bh3 Bxd3 35. cxd3 Nxd3 36. Rf1 Nb4 37. Nd4 c5 38. Nb5 d4 39. Nd6+ Kg8 40. Nc4 Ba7 41. g5 d3 42. Rg2 hxg5 43. fxg5 Bb8 44. Rgf2 d2 45. Rd1 1-0

[Event "Malaya Zemlya Rapid op"]
[Site "Novorossiysk"]
[Date "2021.07.10"]
[Round "3"]
[White "Petrov, Nikita"]
[Black "Esipenko, Aleksandr"]
[Result "1-0"]
[WhiteElo "2562"]
[BlackElo "2026"]
[PlyCount "71"]
[EventDate "2021.07.10"]
[EventType "swiss (rapid)"]
[EventRounds "9"]
[EventCountry "RUS"]
[SourceTitle "CBM 203 Extra"]
[Source "ChessBase"]
[SourceDate "2021.09.30"]
[SourceVersion "1"]
[SourceVersionDate "2021.09.30"]
[SourceQuality "1"]

1. d4 d5 2. c4 e6 3. Nf3 Nf6 4. g3 b6 5. cxd5 exd5 6. Bg2 Bb7 7. 0-0 Bd6 8. Nc3 0-0 9. Nb5 Be7 10. Bf4 Na6 11. Rc1 c6 12. Nc3 Nc7 13. h4 Ne6 14. e3 Re8 15. Ne5 Nd7 16. Nf3 Nxf4 17. exf4 Bf6 18. Ne5 Nf8 19. Qa4 Qd6 20. Rfd1 Ne6 21. b4 h6 22. Qb3 Rad8 23. Rd2 Ba8 24. Qb1 b5 25. Nd1 Be7 26. a3 Bb7 27. Ne3 g6 28. h5 Nf8 29. Rdc2 Rc8 30. hxg6 fxg6 31. Nxc6 Rxc6 32. Rxc6 Bxc6 33. Rxc6 Qd7 34. Rxg6+ Kh8 35. Rxh6+ Kg7 36. Rh5 1-0

[Event "Sochi Lobanov Memorial Blitz"]
[Site "Sochi"]
[Date "2021.06.26"]
[Round "6"]
[White "Esipenko, Aleksandr"]
[Black "Lugovskoy, Maxim"]
[Result "0-1"]
[WhiteElo "2075"]
[BlackElo "2415"]
[PlyCount "88"]
[EventDate "2021.06.26"]
[EventType "swiss (blitz)"]
[EventRounds "13"]
[EventCountry "RUS"]
[SourceTitle "CBM 203 Extra"]
[Source "ChessBase"]
[SourceDate "2021.09.30"]
[SourceVersion "1"]
[SourceVersionDate "2021.09.30"]
[SourceQuality "1"]

1. e4 e6 2. d4 b6 3. Nc3 Bb7 4. Be3 Nf6 5. f3 d5 6. e5 Nfd7 7. Nce2 c5 8. c3 Nc6 9. f4 Be7 10. Nf3 Qc7 11. g4 0-0-0 12. Bg2 f6 13. Qd3 h5 14. h3 hxg4 15. hxg4 Rxh1+ 16. Bxh1 Rh8 17. Bg2 Na5 18. b3 g5 19. Kf2 Rf8 20. Kg1 gxf4 21. Nxf4 Qc6 22. exf6 Bxf6 23. g5 e5 24. gxf6 e4 25. Qe2 exf3 26. Qxf3 Nxf6 27. Rf1 Ne4 28. Qh3+ Kb8 29. Qh2 Ka8 30. c4 Qd6 31. dxc5 bxc5 32. cxd5 Nc3 33. Ne6 Ne2+ 34. Kh1 Ng3+ 35. Kg1 Rg8 36. Kf2 Qe5 37. Bf4 Qb2+ 38. Kg1 Ne2+ 39. Kh1 Rh8 40. Qxh8+ Qxh8+ 41. Bh2 Ng3+ 42. Kg1 Nxf1 43. Nc7+ Kb8 44. Ne8+ Qxh2+ 0-1

[Event "Sochi Lobanov Memorial Blitz"]
[Site "Sochi"]
[Date "2021.06.26"]
[Round "11"]
[White "Moiseenko, Vadim"]
[Black "Esipenko, Aleksandr"]
[Result "1-0"]
[WhiteElo "2549"]
[BlackElo "2075"]
[PlyCount "119"]
[EventDate "2021.06.26"]
[EventType "swiss (blitz)"]
[EventRounds "13"]
[EventCountry "RUS"]
[SourceTitle "CBM 203 Extra"]
[Source "ChessBase"]
[SourceDate "2021.09.30"]
[SourceVersion "1"]
[SourceVersionDate "2021.09.30"]
[SourceQuality "1"]

1. e4 c5 2. Nc3 Nc6 3. Bb5 g6 4. Nf3 Bg7 5. 0-0 a6 6. Bxc6 dxc6 7. d3 e5 8. Be3 b6 9. a3 a5 10. b4 axb4 11. axb4 Rxa1 12. Qxa1 cxb4 13. Na4 c5 14. c3 Bg4 15. cxb4 Bxf3 16. gxf3 Ne7 17. bxc5 bxc5 18. Nxc5 0-0 19. Qa6 Nc8 20. Rb1 Qh4 21. Kg2 Bh6 22. Bxh6 Qxh6 23. Qf6 Re8 24. Rb8 Qg7 25. Nd7 h5 26. Qxg7+ Kxg7 27. Nxe5 Kf6 28. Nc4 Ke7 29. d4 Rd8 30. d5 Na7 31. Rb6 Nc8 32. Rc6 Na7 33. Ra6 Nc8 34. h4 Rd7 35. Ne5 Rb7 36. Ra8 Nd6 37. Nc6+ Kd7 38. Rd8+ Kc7 39. Rf8 Kb6 40. Ne5 Re7 41. Nd3 Kc7 42. Kg3 Nc4 43. Kf4 Nd6 44. e5 Nc4 45. d6+ Nxd6 46. exd6+ Kxd6 47. Ra8 Ke6 48. Ra6+ Kd5 49. Ra5+ Kd4 50. Ne5 Re6 51. Ra4+ Kd5 52. Nd3 Rf6+ 53. Ke3 Re6+ 54. Re4 Rb6 55. Kf4 Rf6+ 56. Kg3 Rb6 57. Ne5 Rb7 58. Re3 Re7 59. Nxg6 Rxe3 60. Nf4+ 1-0

[Event "Sochi Lobanov Memorial Blitz"]
[Site "Sochi"]
[Date "2021.06.26"]
[Round "3"]
[White "Oganian, Miran"]
[Black "Esipenko, Aleksandr"]
[Result "1-0"]
[WhiteElo "2441"]
[BlackElo "2075"]
[PlyCount "153"]
[EventDate "2021.06.26"]
[EventType "swiss (blitz)"]
[EventRounds "13"]
[EventCountry "RUS"]
[SourceTitle "CBM 203 Extra"]
[Source "ChessBase"]
[SourceDate "2021.09.30"]
[SourceVersion "1"]
[SourceVersionDate "2021.09.30"]
[SourceQuality "1"]

1. d4 d5 2. c4 e6 3. Nf3 Nf6 4. g3 b6 5. Bg2 Bb7 6. 0-0 Bd6 7. cxd5 exd5 8. Nh4 0-0 9. Nf5 Re8 10. Nxd6 Qxd6 11. Nc3 c6 12. Bf4 Qe7 13. Re1 Nbd7 14. Rc1 Qb4 15. Rc2 Rad8 16. a3 Qb3 17. Bc7 Rc8 18. Bd6 Nf8 19. Bh3 Ne6 20. Rd2 Qxd1 21. Rdxd1 Rcd8 22. Be5 Nd7 23. Bf4 Nxf4 24. gxf4 Nf6 25. e3 Re7 26. Rc1 Bc8 27. Bxc8 Rxc8 28. Rc2 Rec7 29. Rec1 Rd7 30. Na2 Rdc7 31. Nb4 a5 32. Nxc6 Kf8 33. Nb4 Rxc2 34. Rxc2 Rxc2 35. Nxc2 Ne4 36. Kf1 Ke7 37. Ke2 Nd6 38. b3 Kd7 39. f3 f5 40. Kd3 Ke6 41. a4 Kf6 42. Ne1 Ke6 43. Kc3 Kd7 44. Nd3 Kc6 45. Ne5+ Kc7 46. Kd3 Kd8 47. Kc3 Kc7 48. b4 Kb7 49. bxa5 bxa5 50. Kd3 Kc7 51. h4 g6 52. Kc3 Kb7 53. Nd3 Kc6 54. Nc5 Kc7 55. Ne6+ Kc8 56. Nf8 Nc4 57. e4 fxe4 58. fxe4 Nb6 59. exd5 Nxd5+ 60. Kc4 Nxf4 61. Nxh7 Ng2 62. Kb5 Nxh4 63. Kxa5 Nf5 64. d5 Kc7 65. Kb5 Nd6+ 66. Kc5 Ne4+ 67. Kd4 Nd6 68. Ng5 Kb6 69. Ke5 Nc4+ 70. Kd4 Nd6 71. Ne4 Nf5+ 72. Ke5 Ka5 73. Nc3 Kb4 74. d6 Kc5 75. d7 Nh6 76. Ke4 Kb4 77. Ke5 1-0

[Event "Sochi Lobanov Memorial"]
[Site "Sochi"]
[Date "2021.06.23"]
[Round "9"]
[White "Sabirov, Timur"]
[Black "Esipenko, Aleksandr"]
[Result "1-0"]
[WhiteElo "1865"]
[BlackElo "2075"]
[PlyCount "111"]
[EventDate "2021.06.15"]
[EventType "swiss"]
[EventRounds "9"]
[EventCountry "RUS"]
[SourceTitle "CBM 203 Extra"]
[Source "ChessBase"]
[SourceDate "2021.09.30"]
[SourceVersion "1"]
[SourceVersionDate "2021.09.30"]
[SourceQuality "1"]

1. d4 d5 2. c4 e6 3. Nf3 Nf6 4. g3 b6 5. Bg2 Bb7 6. 0-0 Bd6 7. Qc2 0-0 8. Rd1 Nbd7 9. b3 Qe7 10. Nc3 a6 11. Bb2 Rac8 12. Rac1 Rfd8 13. e3 h6 14. Ne1 Ba3 15. cxd5 exd5 16. Nd3 Bxb2 17. Qxb2 Ne4 18. Nf4 Ndf6 19. Bh3 Rb8 20. Qc2 c6 21. Na4 Ba8 22. Nd3 Nd7 23. Bxd7 Rxd7 24. Ne5 Rd6 25. Qe2 f6 26. Ng6 Qf7 27. Nf4 Qa7 28. Rc2 Re8 29. Rdc1 a5 30. Qh5 Rb8 31. h4 Qe7 32. Qg4 Rd7 33. Nh5 Rdd8 34. Qf4 Rf8 35. g4 f5 36. gxf5 Qd7 37. f3 Nd6 38. f6 g6 39. Qxh6 Qh7 40. Qf4 Qxh5 41. Qxd6 Qxf3 42. Qe6+ Kh8 43. Rf2 Qh5 44. f7 Kg7 45. Qf6+ Kh7 46. Qe7 Kg7 47. Qf6+ Kh7 48. Rcf1 Rb7 49. Qd6 Kg7 50. Qf6+ Kh7 51. Qe5 Qh6 52. h5 Qg7 53. hxg6+ Qxg6+ 54. Rg2 Rbxf7 55. Rxf7+ Qxf7 56. Qh2+ 1-0

[Event "Sochi Lobanov Memorial"]
[Site "Sochi"]
[Date "2021.06.20"]
[Round "6"]
[White "Esipenko, Aleksandr"]
[Black "Khruschiov, Alexey"]
[Result "0-1"]
[WhiteElo "2075"]
[BlackElo "2382"]
[PlyCount "72"]
[EventDate "2021.06.15"]
[EventType "swiss"]
[EventRounds "9"]
[EventCountry "RUS"]
[SourceTitle "CBM 203 Extra"]
[Source "ChessBase"]
[SourceDate "2021.09.30"]
[SourceVersion "1"]
[SourceVersionDate "2021.09.30"]
[SourceQuality "1"]

1. d4 Nf6 2. Nf3 g6 3. c4 Bg7 4. Nc3 0-0 5. e4 d6 6. Be2 e5 7. d5 a5 8. 0-0 Na6 9. Qc2 Nc5 10. Bg5 Bd7 11. b3 Qe8 12. Nd2 Nh5 13. Bxh5 gxh5 14. a3 f5 15. b4 Nxe4 16. Ndxe4 fxe4 17. Nxe4 Qg6 18. f3 axb4 19. axb4 Rxa1 20. Rxa1 h6 21. Bh4 Rxf3 22. Ra8+ Kh7 23. Ng5+ hxg5 24. Qxg6+ Kxg6 25. gxf3 gxh4 26. Rb8 b6 27. Rb7 Bf5 28. Rxc7 e4 29. fxe4 Bxe4 30. h3 Bc3 31. c5 Bd4+ 32. Kf1 bxc5 33. Rc6 cxb4 34. Rxd6+ Kf5 35. Rd8 b3 36. d6 b2 0-1

[Event "Sochi Lobanov Memorial"]
[Site "Sochi"]
[Date "2021.06.17"]
[Round "3"]
[White "Mneyan, Ripsime"]
[Black "Esipenko, Aleksandr"]
[Result "0-1"]
[WhiteElo "1665"]
[BlackElo "2075"]
[PlyCount "98"]
[EventDate "2021.06.15"]
[EventType "swiss"]
[EventRounds "9"]
[EventCountry "RUS"]
[SourceTitle "CBM 203 Extra"]
[Source "ChessBase"]
[SourceDate "2021.09.30"]
[SourceVersion "1"]
[SourceVersionDate "2021.09.30"]
[SourceQuality "1"]

1. c3 Nf6 2. d4 d5 3. Nf3 e6 4. Bf4 Bd6 5. e3 b6 6. Bb5+ c6 7. Bd3 Bb7 8. Nbd2 0-0 9. 0-0 c5 10. Bxd6 Qxd6 11. Rc1 Nbd7 12. Re1 e5 13. dxe5 Nxe5 14. Nxe5 Qxe5 15. Nf3 Qh5 16. h3 Rfe8 17. Nh2 Qg5 18. f4 Qh4 19. Nf3 Qh6 20. Ng5 Re7 21. Qd2 g6 22. Qf2 Rae8 23. Re2 Qg7 24. Rce1 h6 25. Nf3 Ne4 26. Bxe4 Rxe4 27. Nd2 R4e6 28. Qg3 Qf6 29. Nf3 Ba6 30. Rd2 Rxe3 31. Rxe3 Rxe3 32. Rxd5 Bb7 33. Re5 Rd3 34. f5 Bxf3 35. gxf3 g5 36. h4 Kg7 37. Kf2 Rd2+ 38. Ke1 Rg2 39. Qxg2 Qxe5+ 40. Kd1 Qxf5 41. hxg5 Qxg5 42. Qe2 h5 43. Qe4 h4 44. f4 Qh5+ 45. Ke1 h3 46. Qh1 Qg4 47. Qh2 Kf6 48. Kf2 Kf5 49. Ke3 Qg2 0-1

[Event "RUS-ch blitz"]
[Site "Sochi"]
[Date "2019.10.17"]
[Round "3"]
[White "Esipenko, Aleksandr"]
[Black "Timofeev, Artyom"]
[Result "0-1"]
[WhiteElo "2043"]
[BlackElo "2595"]
[PlyCount "234"]
[EventDate "2019.10.17"]
[EventType "swiss (blitz)"]
[EventRounds "15"]
[EventCountry "RUS"]
[SourceTitle "CBM 192 Extra"]
[Source "Chessbase"]
[SourceDate "2019.11.06"]
[SourceVersion "1"]
[SourceVersionDate "2019.11.06"]
[SourceQuality "1"]

1. e4 c5 2. Nf3 d6 3. Bb5+ Bd7 4. Bxd7+ Nxd7 5. 0-0 Ngf6 6. Re1 Rc8 7. c3 e6 8. d4 cxd4 9. cxd4 d5 10. e5 Ne4 11. Nbd2 Nxd2 12. Bxd2 Be7 13. Bc3 0-0 14. Qd3 Nb8 15. Nd2 Nc6 16. Re3 Nb4 17. Bxb4 Bxb4 18. Rh3 h6 19. Nb3 Qc7 20. Qb5 Qb6 21. Qe2 a5 22. Qg4 Kh8 23. Rg3 Rg8 24. a4 Qc6 25. Qh5 Rc7 26. h3 Rgc8 27. Rf3 Qe8 28. Kh2 b6 29. Rd1 Bf8 30. Ra1 g6 31. Qg4 Rc2 32. Qf4 R8c7 33. Ra2 Kg8 34. Qe3 R2c4 35. Qd3 Rxa4 36. Rxa4 Qxa4 37. Qa6 Qc6 38. Rc3 Qd7 39. Qxb6 Rb7 40. Qa6 Kg7 41. Nxa5 Rxb2 42. Rf3 Rd2 43. Nb3 Rd1 44. Qe2 Rb1 45. Qd3 Rb2 46. Nc1 Qb5 47. Qxb5 Rxb5 48. Rd3 Rb2 49. Kg3 g5 50. Kf3 Kg6 51. g4 Rc2 52. Ne2 Bb4 53. Ng3 Be1 54. Nh1 Rc4 55. Ng3 Bc3 56. Ne2 Bb2 57. Rd2 Ba1 58. Rd1 Bb2 59. Rd2 Ba3 60. Rd3 Be7 61. Rb3 f6 62. exf6 Bxf6 63. Rb6 Kf7 64. Rb7+ Be7 65. Ke3 Ra4 66. Rb3 Bd6 67. Kf3 Ra1 68. Rb7+ Kf6 69. Rh7 Bf8 70. Rb7 Ra3+ 71. Kg2 Rd3 72. Rc7 Ba3 73. Rc3 Rxc3 74. Nxc3 Bb2 75. Nb5 Ke7 76. Kf3 Kd7 77. Ke3 Kc6 78. Na7+ Kb6 79. Nc8+ Kb5 80. Kd3 Kc6 81. Ne7+ Kd7 82. Ng8 Ke8 83. Nf6+ Ke7 84. Nh5 Bc1 85. Ng3 Bf4 86. Ne2 Bd6 87. Nc3 Kd7 88. Ne2 Kc6 89. Ng1 Kb5 90. Nf3 Kb4 91. Nd2 Bf4 92. Nf3 Kb3 93. Ne1 Kb2 94. Nc2 Kc1 95. Nb4 Kd1 96. Nc6 Ke1 97. Ne7 Kxf2 98. Ng8 Kg3 99. Nxh6 Kxh3 100. Ke2 Kg3 101. Kd3 Kf3 102. Kc3 Bc7 103. Kd3 Ba5 104. Kc2 Ke4 105. Nf7 Kf4 106. Nh6 Bb4 107. Kd3 Bf8 108. Nf7 Kxg4 109. Nd8 Kf5 110. Ke3 Bd6 111. Nb7 Bf4+ 112. Kf2 g4 113. Kg2 Be3 114. Nd6+ Kf4 115. Nb5 Bc1 116. Nc7 Kf5 117. Kg3 Bf4+ 0-1